| 000 | 00604nam a2200205Ia 4500 | ||
|---|---|---|---|
| 003 | OSt | ||
| 005 | 20230403153855.0 | ||
| 008 | 210423s2007 xx 000 0 und d | ||
| 020 | _a8130904578 | ||
| 040 | _cAL | ||
| 041 | _aeng | ||
| 082 | _a808.5431 BLOH | ||
| 100 |
_aBLOOM (Harold),Ed. _982771 |
||
| 245 | _aViva modern critical interpretations E M Forsters a passage to India. | ||
| 260 |
_aNew Delhi _bViva Books Pvt Ltd _c2007 |
||
| 300 |
_avi,232 _bPB |
||
| 365 |
_b145 _cINR |
||
| 906 | _acritical ; E ; Forsters ; India. ; interpretations ; M ; modern ; passage ; Viva | ||
| 942 |
_2ddc _cBK |
||
| 999 |
_c158032 _d158032 |
||